The Prodigal Daughtor. (Record no. 298514)
[ view plain ]
| 000 -LEADER | |
|---|---|
| fixed length control field | 00236 a2200109 4500 |
| 001 - CONTROL NUMBER | |
| control field | 63441 |
| 082 ## - DEWEY DECIMAL CLASSIFICATION NUMBER | |
| Classification number | 823 ARC |
| 090 ## - LOCALLY ASSIGNED LC-TYPE CALL NUMBER (OCLC); LOCAL CALL NUMBER (RLIN) | |
| -- | 37499 |
| -- | 37499 |
| 100 ## - MAIN ENTRY--PERSONAL NAME | |
| Personal name | Archer, J |
| 245 ## - TITLE STATEMENT | |
| Title | The Prodigal Daughtor. |
| Medium | English |
| 260 ## - PUBLICATION, DISTRIBUTION, ETC. | |
| Name of publisher, distributor, etc. | Harper Collins |
| 942 ## - ADDED ENTRY ELEMENTS (KOHA) | |
| Institution code [OBSOLETE] | CAE NUST |
| Call number prefix | 823 ARC |
| Withdrawn status | Lost status | Damaged status | Not for loan | Collection code | Permanent Location | Current Location | Date acquired | Total Checkouts | Full call number | Barcode | Date last seen | Price effective from | Koha item type |
|---|---|---|---|---|---|---|---|---|---|---|---|---|---|
| College of Aeronautical Engineering (CAE) | College of Aeronautical Engineering (CAE) | 04/03/2017 | 823 ARC | CAEG-5449 | 04/05/2017 | 04/05/2017 | Book |
